000 01251nam a22003497a 4500
003 CHAP
005 20220817042411.0
008 971013s1956 r 00010 d
010 _a43521
011 _a44493
035 _a48631
040 _cCHAP
082 _a972.02
_bS34 1956
100 0 0 _aSahagún, Bernardino de.
_9101197
245 _aHistoria general de las cosas de Nueva España
260 _aMéxico, D.F. :
_bPorrúa,
_c1956
300 _a5v
_b: ilus.
500 _av.5 Incluye láminas del Códice Florentino
590 _aBATCH-UPD
_b10
_c20130110
_lUCH01
_h2002
590 _aBATCH-UPD
_b10
_c20130410
_lUCH01
_h1322
590 _aBATCH-UPD
_b10
_c20130914
_lUCH01
_h1632
590 _aCONVERSION
_b10
_c20130109
_lUCH01
_h1324
650 1 4 _aIndios de México.
650 1 4 _aMéxico
_xHistoria
_xConquista.
_976756
901 _aBK
942 _cLIBRO
949 _a972.02 S34 1956
_bBC
_cESP
_d-110030
_eESP
_fv.2
_h25846
_i48631
_si
949 _a972.02 S34 1956
_bBC
_cESP
_d-110031
_eESP
_fv.3
_h25847
_i48631
_si
949 _a972.02 S34 1956
_bBC
_cESP
_d-110032
_eESP
_fv.4
_h25848
_i48631
_si
949 _a972.02 S34 1956
_bBC
_cESP
_d-110033
_eESP
_fv.5
_h78474
_i48631
_si
949 _a972.02 S34 1956
_bBC
_cLIBRO
_d-110028
_eESP
_fv.1
_h25845
_i48631
_si
999 _c43521
_d43521